00457nam a22001337a 4500008004100000020001500041050002400056245010900080260004100189300001000230650003100240650002500271650002700296210212b xxu||||| |||| 00| 0 eng d a1560249528 aRS92b.S65 1996 c.3 aSocial and Behavioral Aspects of Pharmaceutical Care cEdited by Mickey C. Smith & Albert I. Wertheimer  aNew YorkbInforma healthcare c1996 a835p. aPharmacy vsocial aspects  aPharmacy management  aPharmacist and patient